| 000 | 01413nam a22002657a 4500 | ||
|---|---|---|---|
| 005 | 20170124103102.0 | ||
| 010 | _aA-909462 | ||
| 020 |
_c250.00 _a8186409882 |
||
| 035 | _aA-909462 | ||
| 037 | _bCen Lib/Ret | ||
| 040 |
_aDPL _bHN |
||
| 082 |
_a681.76 _bरायसु |
||
| 100 |
_aराय, सुरेन्द्र प्रसाद _977376 |
||
| 245 |
_aसर्वेक्षण यंत्र प्रौद्योगिकियां _cसुरेन्द्र प्रसाद राय _bसर्वेइंग इंस्ट्रूमेंट्स टेक्नोलॉजीज |
||
| 246 |
_asurveying instruments technologies _bby S.P. Roy |
||
| 260 |
_aदिल्ली _bजनवाणी प्रकाशन _c1998 |
||
| 270 |
_bदिल्ली _a30/22 ए, गली नं 9, विश्वास नगर शाहदरा |
||
| 300 |
_a248 पृ. _c20 सेमी (सजिल्द) _bसचित्र |
||
| 500 | _aअनुक्रमणिका शामिल | ||
| 650 |
_aप्रौद्योगिकियां _977377 |
||
| 650 |
_aप्रौद्योगिकियां--इंस्ट्रूमेंट्स टेक्नोलॉजीज _977378 |
||
| 650 |
_aTechnologies _940725 |
||
| 650 |
_aTechnologies - Instruments Technologies _977379 |
||
| 942 |
_2ddc _cHN _h681.76 _mरायसु |
||
| 999 |
_c117897 _d117897 |
||